000 00493nam a2200181Ia 4500
008 100917s9999 xx 000 0 und d
082 _b42599
100 _aआठल्ये दिनेश
245 _aस्वप्ना
260 _bशलाका प्रकाशन
_c1980
300 _a164
365 _b16
520 _aकादंबरी
630 _aस्वप्ना
650 _aकादंबरी
730 _aस्वप्ना
942 _cBOOK
999 _c647993
_d647990